| 000 | 00460nmm a2200169Ia 4500 | ||
|---|---|---|---|
| 008 | 251105s9999||||xx |||||||||||||||||und|| | ||
| 020 | _a9788467505849 | ||
| 041 | _aspa | ||
| 100 | _aSierra i Fabra, Jordi | ||
| 245 | 0 | _aSin vuelta atrás | |
| 264 |
_a[Madrid, España] : _bGrupo SM, _c2005 |
||
| 300 | _a220 páginas | ||
| 490 | _aGran angular | ||
| 650 | _aAges 9-12 Years Old | ||
| 856 | _uhttps://public.digitaliapublishing.com/a/86109 | ||
| 942 | _cCF | ||
| 999 |
_c83739 _d83739 |
||